000
00246nam a2200097Ia 4500
082
_a
J 179.9 PRYO
245
0
_a
Respect
100
_a
PRYOR, Kimberley Jane Tarrytown, NY, 2009
942
_c
BK
008
210817s9999 xx 000 0 und d
999
_c
253156
_d
253155